000 00244nam a2200097Ia 4500
001 807724
005 20250826171236.0
008 250824s9999 xx 000 0 und d
245 0 _aKADERE KARŞI KOY A.Ş
_cALEV ALATLI
260 _bEVEREST YAYINLARI
999 _c807724
_d807724